Deutsche Bauwerke - Statistiken

Allgemein
  • Dieses Quiz wurde 144 mal gespielt
  • Das Durchschnittsergebnis liegt bei 10 aus 20
Antwortstatistiken
Bildquiz Hint Antwort % Korrekt
Berlin / 1793 Brandenburger Tor
99%
Bayern / 1892 Schloss Neuschwanstein
98%
Hamburg / 2016 Elbphilharmonie
94%
Nordrhein-Westfalen / 1880 Kölner Dom
88%
Baden-Württemberg / Ulmer Münster
79%
Thüringen / 1067 Wartburg
76%
Schleswig-Holstein / 1478 Holstentor
68%
Sachsen / 1743 Frauenkirche
66%
Rheinland-Pfalz / 170 Porta Nigra
60%
Brandenburg / 1747 Schloss Sanssouci
58%
Nordrhein-Westfalen / 1847 Zeche Zollverein
53%
Hessen / 1405 Römer
50%
Sachsen / 1913 Völkerschlachtdenkmal
45%
Bremen / 1404 Bremer Roland
42%
Saarland / 1873 Völklinger Hütte
25%
Niedersachsen / 872 Hildesheimer Dom
16%
Bayern / 1475 Altes Rathaus
10%
Baden-Württemberg / 1147 Kloster Maulbronn
9%
Sachsen-Anhalt / 1504 Lutherhaus
4%
Mecklenburg-Vorpommern / 1487 Nikolaikirche
4%
Keine übereinstimmenden Quizze gefunden
Verteilung der Resultate
Anzahl Personen mit jedem Resultat
Perzentil nach korrekt beantworteten Fragen
Ihre Resultats-Entwicklung
Sie haben dieses Quiz noch nicht gespielt